00565 2200217 4500001002100000005001500021035002000036007000300056008004100059020002200100082000800122084001400130100001800144245005100162260003400213300001700247650003400264856002100298250001200319990001600331INLIS00000000000815320260205092442 a0010-0126000150ta260205 0 ind  a978-623-328-187-4 a658 a658 ACH m0 aACHMAD SUDIRO1 aManajemen Sumber Daya Manusia /cACHMAD SUDIRO aJakarta :bBUMI AKSARA,c2022 a311 ;c24cm. 4aManajemen Sumber Daya Manusia aALUMNI MANAJEMEN aedisi 2 a00000013746